000
00288nam a22001217a 4500
008
180806b xxu||||| |||| 00| 0 eng d
082
_a
813.52
245
_a
Dead Boys Younger, Louder & Snottier
_c
Bomp
260
_c
1997
300
_a
1
_f
CD
440
_x
39928002750138
942
_2
ddc
_c
MX
999
_c
46831
_d
46831